zpět

Detail výsledku týmu

Tipgames Bar, Bruntál

Datum a čas kvízu

19 Celkem bodů Celkový počet nahraných bodů na tomto kvízu bez doplňovacích otázek.
9. Pořadí na kvízu Konečné umístění týmu na tomto kvízu.

Zaznamenané odpovědi

# Otázka Odpověď Body Výsledky
1. Ve středu jmenovala vláda Víta... GIBS (Generální inspekce bezpečnostních sborů) 0
2. Papež František přijal v pátek... Sylvester Stallone 0
3. Jak se nazývá nový pořad TV No... Ztracená rodina 0
4. Česká národní banka minulý týd... posílat peníze na telefonní číslo 0
5. Česká fotbalová reprezentace v... Albánie, 1:1 0
6. Podle některých statistik obýv... mamba 1
7. Mezi člověku velmi nebezpečná... A 0
8. Sloni afričtí každoročně zabij... Zoo Dvůr Králové a Zoo Zlín (Lešná) 0.5
9. Nebezpečným zvířetem, s nímž s... medvěd kodiak 0
10. Jedním z nejnebezpečnějších ve... 4 prsty 0